R6 Siege operator code name quiz. - Statistics

General Stats
  • This quiz has been taken 177 times
  • The average score is 27 of 38
Answer Stats
Name CodeName % Correct
Seamus Cowden Sledge
86%
Eliza Cohen Ash
82%
Craig Jenson Blackbeard
82%
Gustave Kateb Doc
82%
Maxim Basuda Kapkan
82%
James Porter Smoke
81%
Alexsandr Senaviev Tachanka
81%
Mike.R. Chandar Mute
80%
Julien Nizan Rook
79%
Mike Baker Thatcher
79%
Zofia Bosak Zofia
79%
Timur Glazkov Glaz
78%
Jack Estrada Pulse
77%
Elżbieta Bosak Ela
76%
Shuhrat Kessikbayev Fuze
75%
Jordan Trace Thermite
75%
Elias Kötz Blitz
74%
Miles Campbell Castle
74%
Monika Weiss IQ
74%
Marius Streicher Jager
74%
Siu Mei Lin Ying
74%
Dominic Brunsmeier Bandit
73%
Yumiko Imagawa Hibana
73%
Masaru Enatsu Echo
71%
Emmanuelle Pichon Twitch
71%
Sébastien Côté Buck
70%
Liu Tze Long Lesion
69%
Gilles Touré Montagne
68%
Tina Lin Tsang Frost
65%
Ryad Ramírez Al-Hassar Jackal
64%
Olivier Flament Lion
64%
Vicente Souza Capitao
61%
Chul Kyung Hwa Vigil
59%
Taina Pereira Caveira
58%
Lera Melnikova Finka
58%
Elena María Álvarez Mira
58%
Meghan J. Castellano Valkyrie
58%
Grace Nam Dokkaebi
56%
No matching quizzes found
Score Distribution
Percent of People with Each Score
Percentile by Number Answered
Your Score History
You have not taken this quiz